Research Methods and Society : (Record no. 607806)

MARC details
000 -LEADER
fixed length control field 00504nam a2200193 a 4500
008 - FIXED-LENGTH DATA ELEMENTS--GENERAL INFORMATION
fixed length control field 260108s2005##################000#0#eng##
020 ## - INTERNATIONAL STANDARD BOOK NUMBER
ISBN 9780130926548
082 04 - DEWEY DECIMAL CLASSIFICATION NUMBER
Classification number 301.072
Item number DOR
100 1# - MAIN ENTRY--AUTHOR NAME
Personal name Dorsten, Linda Eberst,
245 10 - TITLE STATEMENT
Title Research Methods and Society :
260 ## - PUBLICATION, DISTRIBUTION, ETC. (IMPRINT)
Name of publisher Prentice Hall,
Year of publication 2005.
300 ## - PHYSICAL DESCRIPTION
Number of Pages 416 pages
650 #0 - SUBJECT ADDED ENTRY--TOPICAL TERM
Topical Term Reference.
942 ## - ADDED ENTRY ELEMENTS (KOHA)
Koha item type English Books
Holdings
Withdrawn status Lost status Damaged status Not for loan Home library Current library Shelving location Date acquired Full call number Accession Number Price effective from Koha item type
        Anna Centenary Library Anna Centenary Library 3RD FLOOR, B WING 08.01.2026 301.072 DOR 296588 08.01.2026 English Books

Find us on the map